| 000 | 01622nam a2200373 4500 | ||
|---|---|---|---|
| 999 |
_c7388 _d7388 |
||
| 001 | 7388 | ||
| 003 | BD-JhCC | ||
| 005 | 20180417180459.0 | ||
| 008 | 850710s1651 enk s 00| | eng d | ||
| 035 | _a(BD-JhCC)7388 | ||
| 040 |
_aCu-RivES _cCu-RivES _dCStRLIN _edcrb _dWaOLN _dBD-JhCC |
||
| 041 | _aeng | ||
| 082 |
_a973 _bANG 1960 |
||
| 100 | 1 | _aAngle, Paul M. | |
| 245 | 1 | 2 |
_aA New Continent and a New Nation / _b _cPaul M Angle |
| 246 | 2 | _aAmerica islands and continent | |
| 260 |
_aLondon : _bPrinted for Robert Leybourn, and are to be sold by Thomas Pirrepoint, at the Sun in S. Pauls Churchyard, _c1651. |
||
| 300 | _a[16], 187, [3] p. | ||
| 500 | _aLast leaf has imprimatur of Nathanael Brent. | ||
| 500 | _aAnnotation on Thomason copy: "Jan: 6 1650"; 1 in imprint date crossed through. | ||
| 500 | _aReproductions of the originals in the Harvard University Library (Early English books) and in the British Library (Thomason Tracts). | ||
| 510 | 4 |
_aWing (2nd ed.) _cG252aA. |
|
| 510 | 4 |
_aThomason _cE.1298[2]. |
|
| 650 | 0 |
_aIndians of North America _vEarly works to 1800. |
|
| 650 | 0 |
_aIndians of South America _vEarly works to 1800. |
|
| 651 | 0 |
_aAmerica _xDiscovery and exploration _vEarly works to 1800. |
|
| 651 | 0 |
_aAmerica _xDescription and travel _vEarly works to 1800. |
|
| 730 | 0 | _aEarly English books online. | |
| 830 | 0 |
_aThomason Tracts ; _v174:E.1298[2]. |
|
| 856 | 4 | 0 | _uhttp://gateway.proquest.com/openurl?rft_id=xri:eebo:image:110834&ctx_ver=Z39.88-2003&res_id=xri:eebo&rft_val_fmt=& |
| 942 |
_2ddc _cBK |
||
| 949 | 1 |
_1MIT Access Only _an-mit _bNET _h**See URL(s) _o8 _x02 |
|